=LDR 00000nam 2200000 4500 =001 INLIS000000000002636 =005 20130612090947 =008 ***********************************Ind** =035 ##$$0010-061300000002636 =041 ##$$a Ind =082 ##$$a 624.25 =090 ##$$a 624.25, Sup j =100 ##$$a Supriyadi, Bambang =245 ##$$a Jembatan, Bambang Supriyadi, Agus Setyo Muntohar =260 ##$$a 2000 $b Yogyakarta =300 ##$$a ix, 232, ilus, 22 cm =650 ##$$a Jembatan =650 ##$$a Teknik =700 ##$$a Muntohar, Agus Setyo =850 ##$$a NBPNMAT